Introduction (notice n° 1861982)

détails MARC
000 -LEADER
fixed length control field 02115cam a2200181 4500500
005 - DATE AND TIME OF LATEST TRANSACTION
control field 20260329011451.0
041 ## - LANGUAGE CODE
Language code of text/sound track or separate title fre
042 ## - AUTHENTICATION CODE
Authentication code dc
100 10 - MAIN ENTRY--PERSONAL NAME
Personal name Chapon-Crouzet, Nathalie
Relator term author
245 00 - TITLE STATEMENT
Title Introduction
260 ## - PUBLICATION, DISTRIBUTION, ETC.
Date of publication, distribution, etc. 2005.<br/>
500 ## - GENERAL NOTE
General note 89
520 ## - SUMMARY, ETC.
Summary, etc. Cet article théorico-clinique propose de déplacer la lecture individualisante et décontextualisée que l’on porte habituellement sur le concept de haine vers le contexte systémique, et donc interactionnel, de la séparation parentale hautement conflictuelle. Dans ce contexte, la haine est définie comme une orientation émotionnelle structurée qui essentialise l’autre et justifie son exclusion, articulée autour de trois composantes : (1) attributions négatives stables envers l’ex-partenaire, (2) vécu d’impuissance à se faire entendre ou à influencer la relation, (3) tendance à l’élimination du lien. Nous envisageons de présenter la haine comme processus graduel au travers d’une vignette clinique illustrant la trajectoire du désaccord à la haine, via des boucles d’escalade symétriques et des triangulations.
520 ## - SUMMARY, ETC.
Summary, etc. This theoretical-clinical article proposes moving away from the usual individualistic and decontextualized understanding of hatred toward a systemic, interactional perspective within the context of high-conflict parental separation. In this context, hatred is defined as a structured emotional orientation that essentializes the other and justifies their exclusion, organized around three components: (1) stable negative attributions toward the ex-partner, (2) a sense of powerlessness to be heard or influence the relationship, and (3) a tendency toward relational elimination. We conceptualize hatred as a gradual process and illustrate the trajectory from disagreement to hatred through a clinical vignette, highlighting symmetrical escalation loops and triangulations.
700 10 - ADDED ENTRY--PERSONAL NAME
Personal name Neyrand, Gérard
Relator term author
786 0# - DATA SOURCE ENTRY
Note Dialogue | 167 | 1 | 2005-03-01 | p. 3-6 | 0242-8962
856 41 - ELECTRONIC LOCATION AND ACCESS
Uniform Resource Identifier <a href="https://shs.cairn.info/revue-dialogue-2005-1-page-3?lang=fr&redirect-ssocas=7080">https://shs.cairn.info/revue-dialogue-2005-1-page-3?lang=fr&redirect-ssocas=7080</a>

Pas d'exemplaire disponible.

PLUDOC

PLUDOC est la plateforme unique et centralisée de gestion des bibliothèques physiques et numériques de Guinée administré par le CEDUST. Elle est la plus grande base de données de ressources documentaires pour les Étudiants, Enseignants chercheurs et Chercheurs de Guinée.

Adresse

627 919 101/664 919 101

25 boulevard du commerce
Kaloum, Conakry, Guinée

Réseaux sociaux

Powered by Netsen Group @ 2025